00778nam a2200217Ia 450000500170000000800410001702000150005808200160007310000330008924500690012225000190019130000270021050400280023760000610026565000510032626400600037733600270043733700330046433800280049704000350052520220317000642.0160601s1996 ck g 000 0 spa  a958330437904a923.2bA49l1 aLora Peñaloza, José Luis10aAlzate Avendaño bvida y mensaje cJosé Luis Lora Peñaloza a1a. edición  a325 páginas c25 cm  aIncluye bibliografía 14aAlzate Avendaño, Gilbertod1910-1960xVida política 142LEMBaPolíticos colombianos vBiografías  aBogotá bFundación Gilberto Alzate Avendañoc1996 atextobtxt2rdacontent asin mediaciónbn2rdamedia avolumenbnc2rdacarrier aCO-BoRNBPbspaerdacCO-BoRNBP